Investments / (Record no. 14069)
[ view plain ]
| 000 -LEADER | |
|---|---|
| fixed length control field | 00481pam a2200193 a 4500 |
| 020 ## - INTERNATIONAL STANDARD BOOK NUMBER | |
| ISBN | 0256246262 |
| 040 ## - CATALOGING SOURCE | |
| Transcribing agency | DLC |
| 082 00 - DEWEY DECIMAL CLASSIFICATION NUMBER | |
| Classification number | 332 LRW 1999 A064 Or. |
| 100 1# - MAIN ENTRY--AUTHOR NAME | |
| Personal name | Bodie, Zvi. |
| 245 10 - TITLE STATEMENT | |
| Title | Investments / |
| 250 ## - EDITION STATEMENT | |
| Edition statement | 4th ed. |
| 260 ## - PUBLICATION, DISTRIBUTION, ETC. (IMPRINT) | |
| Place of publication | Boston : |
| Name of publisher | Irwin/McGraw-Hill, |
| Year of publication | c1999. |
| 300 ## - PHYSICAL DESCRIPTION | |
| Number of Pages | xxiii, 967 p. : |
| Other physical details | ill. (some col.) ; |
| Dimensions | 26 cm. |
| 650 #0 - SUBJECT ADDED ENTRY--TOPICAL TERM | |
| Topical Term | Investments. |
| 650 #0 - SUBJECT ADDED ENTRY--TOPICAL TERM | |
| Topical Term | Portfolio management. |
| 700 1# - ADDED ENTRY--PERSONAL NAME | |
| Personal name | Kane, Alex, |
| 700 1# - ADDED ENTRY--PERSONAL NAME | |
| Personal name | Marcus, Alan J. |
| 942 ## - ADDED ENTRY ELEMENTS (KOHA) | |
| Koha item type | សៀវភៅភាសាអង់គ្លេស |
| 952 ## - LOCATION AND ITEM INFORMATION (KOHA) | |
| Withdrawn status [LOCAL, KOHA] | 0 |
| Permanent Location | Date acquired | Koha item type | Lost status | Shelving location | Barcode | Current Location | Full call number |
|---|---|---|---|---|---|---|---|
| Library Block A | 2017-10-05 | សៀវភៅភាសាអង់គ្លេស | A064 | A18507 | Library Block A | 332 LRW 1999 A064 Or. |